<?xml version="1.0" encoding="UTF-8"?><?xml-stylesheet type="text/xsl" href="static/style.xsl"?><OAI-PMH xmlns="http://www.openarchives.org/OAI/2.0/" xmlns:xsi="http://www.w3.org/2001/XMLSchema-instance" xsi:schemaLocation="http://www.openarchives.org/OAI/2.0/ http://www.openarchives.org/OAI/2.0/OAI-PMH.xsd"><responseDate>2026-06-07T17:24:47Z</responseDate><request verb="GetRecord" identifier="oai:docta.ucm.es:20.500.14352/52754" metadataPrefix="marc">https://docta.ucm.es/rest/oai/request</request><GetRecord><record><header><identifier>oai:docta.ucm.es:20.500.14352/52754</identifier><datestamp>2023-08-25T11:30:55Z</datestamp><setSpec>com_20.500.14352_14</setSpec><setSpec>col_20.500.14352_15</setSpec></header><metadata><record xmlns="http://www.loc.gov/MARC21/slim" xmlns:dcterms="http://purl.org/dc/terms/" xmlns:xsi="http://www.w3.org/2001/XMLSchema-instance" xmlns:doc="http://www.lyncode.com/xoai" xsi:schemaLocation="http://www.loc.gov/MARC21/slim http://www.loc.gov/standards/marcxml/schema/MARC21slim.xsd">
   <leader>00925njm 22002777a 4500</leader>
   <datafield ind2=" " ind1=" " tag="042">
      <subfield code="a">dc</subfield>
   </datafield>
   <datafield ind2=" " ind1=" " tag="720">
      <subfield code="a">López Martín, Ana Gemma</subfield>
      <subfield code="e">author</subfield>
   </datafield>
   <datafield ind2=" " ind1=" " tag="260">
      <subfield code="c">2004</subfield>
   </datafield>
   <datafield ind2=" " ind1=" " tag="520">
      <subfield code="a">En el asunto Weber, el TJCE se enfrenta con uno de los aspectos más importantes dentro del Derecho internacional público, cuál es el concepto de territorio estatal y los ámbitos espaciales que forman parte del mismo, para determinar si la plataforma continental debe o no considerarse territorio estatal a efectos de la aplicación del artículo 5 del Convenio de Bruselas. El examen y análisis de esta sentencia, así como de lo que realmente dispone al respecto el derecho internacional, en contraposición a lo afirmado por el TJCE en su sentencia de 27 de febrero de 2002, constituyen el objeto de este trabajo.</subfield>
   </datafield>
   <datafield ind1="8" ind2=" " tag="024">
      <subfield code="a">1578-3138</subfield>
   </datafield>
   <datafield ind1="8" ind2=" " tag="024">
      <subfield code="a">https://hdl.handle.net/20.500.14352/52754</subfield>
   </datafield>
   <datafield ind2="0" ind1="0" tag="245">
      <subfield code="a">Asunto Weber (sentencia del TJCE, Sala Sexta, de 27 de febrero de 2002)</subfield>
   </datafield>
</record></metadata></record></GetRecord></OAI-PMH>